000 00422pam a2200157 a 4500
020 _a1560220198 (alk. paper)
040 _cDLC
082 0 0 _a338 FOO 1993 A073 Or.
100 1 _aJolly, Curtis M.
245 1 0 _aEconomics of aquaculture /
260 _aNew York :
_bFood Products Press,
_cc1993.
300 _axv, 319 p. :
_bill. ;
_c23 cm.
650 0 _aAquaculture industry.
700 1 _aClonts, Howard A.
942 _cEK
999 _c15113
_d15113